| 000 | 01370nam a2200277Ia 4500 | ||
|---|---|---|---|
| 999 |
_c54729 _d54729 |
||
| 001 | 21796 | ||
| 003 | GE_BSU | ||
| 005 | 20220516150823.0 | ||
| 008 | 181216s2016||||ge |||||||||||||| ||geo|| | ||
| 020 | _a9789941094750 | ||
| 040 | _cGE_BSU | ||
| 041 | _ageo | ||
| 080 | _a821.133.1-31 ი-95 | ||
| 100 |
_aიურსენარი, მარგარიტ _913740 |
||
| 245 |
_aდიდი წიგნის შავი ნაწილი, მოგვი მკურნალი : _bრომანი / _cმარგარიტ იურსენარი ; ფრანგულიდან თარგმნა თამარ აბრამიშვილმა ; დიზაინერი სალომე რამიშვილი. |
||
| 264 |
_aთბილისი : _bMerebashvilitykesson publishing, _c2016. |
||
| 300 |
_a324 გვ. ; _c20 სმ. |
||
| 541 | _h5 ლ. | ||
| 653 | _aდიდი წიგნის შავი ნაწილი | ||
| 653 | _a მოგვი მკურნალი | ||
| 653 | _aრომანი | ||
| 653 | _aმარგარიტ იურსენარი | ||
| 700 |
_aაბრამიშვილი, თამარ _eმთარგმნელი _913741 |
||
| 700 |
_aრამიშვილი, სალომე _eდიზაინერი _913742 |
||
| 942 |
_cBK _2udc |
||